Heart of Midlothian Goalscorers from 2000 - Statistics

General Stats
  • This quiz has been taken 480 times
    329 since last reset
  • The average score is 39 of 119
Answer Stats
Hint Goalscorers Full Name % Correct
Rudi Skacel
80%
Jamie Walker
67%
David Smith
62%
Gordon Smith
62%
Billy King
61%
Callum Paterson
60%
Osman Sow
58%
Paul Hartley
58%
Danny Wilson
57%
Z Marius Zaliukas
52%
Sam Nicholson
52%
Steven Pressley
52%
Alim Ozturk
50%
Genero Zeefuik
50%
Morgaro Gomis
50%
Prince Buaben
49%
Ryan McGowan
48%
B Darren Barr
46%
D Mark De Vries
46%
Danny Grainger
45%
Andrew Driver
44%
Roman Bednar
44%
Ryan Stevenson
44%
Calum Elliot
43%
Ian Black
43%
Kevin Kyle
43%
A Stephane Adam
43%
Stephen Elliot
43%
Andy Webster
42%
Kenny Anderson
42%
Christophe Berra
40%
Edgaras Jankauskas
40%
H Jamie Hamill
40%
Joe Hamill
40%
Robbie Neilson
40%
Michael Stewart
39%
E Adam Eckersley
38%
Andrius Velicka
38%
Andy Kirk
38%
David Templeton
38%
Miguel Pallardo
38%
C Colin Cameron
37%
Juanma
37%
Kevin McHattie
37%
Lee Wallace
37%
Dale Carrick
36%
Saulius Mikoliunas
36%
Austin McCann
35%
Brad McKay
35%
Craig Beattie
35%
James Keatings
35%
Scott Robinson
35%
Arvydas Novikovas
33%
David Obua
33%
Deividas Cesnauskis
33%
Graham Weir
33%
Jason Holt
33%
Jose Goncalves
33%
Laryea Kingston
33%
Michal Pospisil
33%
Ibrahim Tall
32%
Craig Thomson
31%
Jamie Mole
31%
Kevin McKenna
31%
Bruno Aguiar
30%
Gary Oliver
30%
Jordan McGhee
30%
N Christian Nade
29%
G Gary Glen
29%
Igor Rossi
29%
Mauricio Pinilla
29%
Phil Stamp
29%
Eggert Jonsson
27%
R Gavin Reilly
27%
V Jean-Louis Valois
27%
P Ruben Palazuelos
27%
J Darren Jackson
26%
Juho Makela
26%
T Medhi Taouil
26%
S Suso Santana
26%
Takis Fyssas
26%
F Thomas Flogel
26%
John Sutton
25%
Scott Severin
25%
Kevin James
24%
Michael Ngoo
24%
Ricardo Fuller
24%
Stephen Simmons
24%
Alan Maybury
23%
Gary Naysmith
23%
W Gary Wales
23%
Audrius Ksanavicius
21%
Gary McSwegan
21%
Ismael Bouzid
21%
Lee Miller
21%
Stephane Mahe
21%
Juanjo
20%
Soufian El Hassnaoui
20%
Steve Fulton
20%
Dennis Wyness
19%
Jamie McAllister
19%
Patrick Kisnorbo
19%
Gordon Petric
17%
I Kestutis Ivaskevicius
17%
Gordon Durie
15%
Grant Murray
15%
David Witteveen
14%
K Hristos Karipidis
14%
Robert Tomaschek
14%
O Kris O'Neil
13%
Mark Burchill
13%
M Neil MacFarlane
13%
Steven Boyack
13%
Robert Sloan
11%
Tommi Gronlund
11%
Paul McMullan
10%
Ramon Pereira
10%
Andy Tod
8%
Hjalmar Thorarinsson
8%
No matching quizzes found
Score Distribution
Percent of People with Each Score
Percentile by Number Answered
Your Score History
You have not taken this quiz since the last reset